| 000 | nam a22 a 4500 | ||
|---|---|---|---|
| 999 |
_c390460 _d390460 |
||
| 003 | BLK | ||
| 005 | 20201022110437.0 | ||
| 008 | 180409b bul|||||r ||||||| ||bul|| | ||
| 010 | _aKNG00140257000 | ||
| 040 | _aBLK | ||
| 041 |
_aRUS _cRUS |
||
| 072 | 7 |
_2bullib _aЦ _xРедки и ценни |
|
| 080 |
_aТеатър. Сценично изкуство. Вж 725.82; 782; 82-2 _b792 _x(470)(092) _z792(470)(092) |
||
| 080 |
_aОсновател на руския театър _b929 Волков, Фёдор Григорьевич _z929 Волков, Фёдор Григорьевич |
||
| 100 |
_aЯрцев, Алексей Алексеевич _eпърви автор _9435494 |
||
| 139 | _aЯрцев, Алексей Алексеевич | ||
| 245 | 1 | 0 |
_aФ. Г. Волков (основатель русского театра). Его жизнь в связи с историей русской театральной старины _bБиогр. очерк _cА. А. Ярцев. |
| 257 | _aRUS | ||
| 260 |
_c1892 _fС.-Петербург : Типогр. Ю. Н. Эрлих _aС.-Петербург |
||
| 300 |
_a94 с., 2 л. портр. _c18 см |
||
| 380 | _a7 | ||
| 490 | 1 | _aЖизнь замечательных людей | |
| 490 | 1 | _aБиографическая библиотека Флорентия Павленкова | |
| 490 |
_aКолекция Редки и ценни издания _9435080 |
||
| 500 | _aБиблиогр. с. 4. | ||
| 600 | 0 |
_aВолков, Федор Григорьевич _9435495 |
|
| 650 | 0 |
_aТеатър, руски _9350505 |
|
| 653 | _aбиографии | ||
| 852 |
_aРр 892 _bРц |
||
| 856 | 4 | _qpdf | |
| 942 |
_cKNG _n0 _s1 |
||
| 944 |
_aCR _c2020-10-22 _kРенета Константинова |
||
| 999 | _d134344 | ||